| 000 | 00689nam a22001337a 4500 | ||
|---|---|---|---|
| 040 | _cRUA | ||
| 082 | _aAVM POV 2009 B086 Or.1 | ||
| 100 | _aPOV, THIDA. | ||
| 245 | _aStudy on digestibility of growing pigs by using ensiled taro and ensiled fish, ការសិក្សាពីលទ្ធភាពរំលាយអាហាររបស់ជ្រូកកំពុងលូតលាស់ដោយប្រើប្រាស់ត្រាវផ្អាប់ និងត្រីផ្អាប់ | ||
| 260 |
_aPhnom Penh _bRUA _c2009 |
||
| 300 |
_ax; 54p. _bill. _c29cm. |
||
| 856 | _uhttps://drive.google.com/file/d/1qqQnxu2nsoGKlqV3IfLTX6VyC1bnweoO/view?usp=sharing | ||
| 942 | _cAVM | ||
| 999 |
_c2283 _d2283 |
||